000 00635nam a2200241 i 4500
001 bgj
100 1 _aKARST, Roman.
245 1 0 _aThomas Mann :
_bDer deutsche Zwiespalt /
_cRoman Karst.
260 _aMünchen :
_bWilhelm Heine Verlag,
_c1987.
300 _a381, [16] S. :
_bill. ;
_c18 cm.
490 1 _aHeyne Biographien
504 _aBibliographie S. 358-373.
505 _aRegister.
600 1 9 _aMann, Thomas
655 _aBiografie
830 _aHeyne Biographien
020 _a3453551494
040 _cBPK
041 0 _ager
920 _a3-453-55149-4
942 _cKS
008 s gw f |000 0 ger
999 _c50435
_d50435
856 _uhttp://koha.tu.koszalin.pl/cgi-bin/koha/opac-detail.pl?biblionumber=50435
_yKatalog online BPK